Statystyki dla Trasa Warszawskiej linii autobusowej 317

Kliknij tutaj aby rozwiązać quiz!

Ogólne statystyki

  • Ten quiz został rozwiązany 2 razy
  • Średni wynik to 10 z 28

Statystyki odpowiedzi

DzielnicaPrzystanek% Poprawnych
WłochyKrakowiaków
100%
WilanówKrólowej Marysieńki
100%
WłochyP+R Aleja Krakowska
100%
Mokotów / WilanówSobieskiego
100%
WilanówWilanów
100%
WilanówWilanów
100%
MokotówAleja Lotników
50%
MokotówBełdan
50%
Mokotów / UrsynówDolina Służewiecka
50%
MokotówInstytut Fizyki
50%
WłochyInstytut Lotnictwa
50%
MokotówKarczocha
50%
MokotówMetro Służew
50%
Mokotów / UrsynówNowoursynowska
50%
MokotówCybernetyki
0%
WłochyDrzewieckiego
0%
WłochyKomitetu Obrony Robotników
0%
MokotówKomputerowa
0%
MokotówNoskowskiego
0%
WłochyOgród Działkowy im. Warneńczyka
0%
WłochyOkęcie Business Park
0%
MokotówOsiedle Arbuzowa
0%
MokotówPatkowskiego
0%
MokotówRondo Unii Europejskiej
0%
MokotówRondo Żabczyńskiego
0%
MokotówWałbrzyska-Cmentarz
0%
WłochyWirażowa
0%
MokotówWróbla
0%

Rozkład punktacji

Percentyl według liczby udzielonych odpowiedzi

Procent ludzi z każdym wynikiem

Twoja historia wyników

Nie rozwiązałeś tego quizu